00604 2200205 4500001002100000005001500021035002000036007000300056008004100059020001800100082000800118084001400126100001600140245011900156250001100275260003700286300003500323650003100358990000900389INLIS00000000000147820180208095230 a0010-0218000073ta180208 g 0 ind  a979-1709-49-1 a154 a154 BRI m0 aBRIAN Tracy1 aMemprogram Pikiran Untuk Menciptakan Kekayaan :bIntisari Pelajaran Mencetak Uang Dengan Mindopower /cBrian Tracy acet. 1 aYogyakarta :bGolden Book,c2015 a172 Hlm :b.ilus ;c14 x 20 cm aALAM BAWAH SADAR PSIKOLOGI a5713